000 01531nam0a2200337 4500
001 RU\NLR\bibl\950775
005 20260408195319.0
010 _a5-93972-298-9
035 _a(NLR Aleph) 000938880
090 _a207046
_c207046
100 _a20260201 rusy50
101 0 _arus
102 _aRU
105 _aa |||||||||
200 1 _aУстойчивость стационарных движений в примерах и задачах
_eучебное пособие для студентов университетов
_fВ.Н. Рубановский, В.А. Самсонов
205 _a[Репр. изд.]
210 _aМосква
_aИжевск
_cРХД
_d2003
215 _a303, [1] c.
_cил.
_d20
300 _aВых. дан. ориг. изд.: М.: Наука, 1988
320 _aБиблиогр. в конце кн. (11 назв.)
606 _aДвижение (мех.)
_xУстойчивость
_xЗадачи
_xРешение
_jУчебные издания для высших учебных заведений
_3RU\NLR\auth\661391194
_92325874
686 _aВ236.37я73-41
700 1 _4070
_7ca
_8rus
_aРубановский
_bВ. Н.
_f1941-2002
_gВладимир Николаевич
_9271719
_3RU\NLR\AUTH\770271775
701 1 _aСамсонов
_bВ. А.
_gВиталий Александрович
_4070
801 0 _aRU
_bNLR
_c20060518
_grcr
801 1 _aRU
_bNLR
_c20060518
830 _aавт. по кн.
942 _cBOOK
980 _aNB